000 00275nam a22001217a 4500
008 180904b xxu||||| |||| 00| 0 eng d
041 _aeng
080 _a616
100 _a9
101 _aPAT
245 _aCRC Handbook of Chromatography Drugs
_cGupta, R.N
942 _2udc
_cBK
999 _c47524
_d47524